000 nam a22 7a 4500
999 _c7651
_d7651
008 170923b xxu||||| |||| 00| 0 eng d
100 _94145
_aEducation
245 _aFood and Nutrition
260 _aNew Delhi
_bArya
_c2009